000 00378pab a2200157 454500
008 180718b1997 xxu||||| |||| 00| 0 eng d
100 _aPal, R.M.
245 _aPunjab police and the recent demand for immunity
260 _c1997
300 _ap.22-23
362 _a20 Sep
650 _aPolice - India - Punjab
650 _aPolice
773 _aMainstream
909 _a35397
999 _c35397
_d35397